Statystyki dla Państwa z największą ilością emigrantów

Kliknij tutaj aby rozwiązać quiz!

Ogólne statystyki

  • Ten quiz został rozwiązany 19 656 razy
  • Średni wynik to 13 z 21

Statystyki odpowiedzi

Liczba ludnościPaństwo% Poprawnych
3.17 mStany Zjednoczone
94%
4.45 mPolska
92%
10.5 mRosja
92%
10.7 mChiny
91%
4.01 mNiemcy
87%
17.5 mIndie
81%
5.90 mUkraina
77%
11.8 mMeksyk
75%
4.27 mWielka Brytania
71%
3.49 mTurcja
67%
3.55 mEgipt
60%
6.30 mPakistan
53%
4.53 mIndonezja
48%
8.23 mSyria
47%
5.12 mAfganistan
43%
3.14 mMaroko
41%
4.01 mKazachstan
39%
7.84 mBangladesz
34%
3.57 mRumunia
33%
5.38 mFilipiny
29%
3.70 mMjanma
16%

Rozkład punktacji

Percentyl według liczby udzielonych odpowiedzi

Procent ludzi z każdym wynikiem

Twoja historia wyników

Nie rozwiązałeś tego quizu